[Event "22th Open"]
[Site "Pula CRO"]
[Date "2008.06.22"]
[Round "2"]
[White "Agrest,I"]
[Black "Tratar,M"]
[Result "0-1"]
[WhiteElo "2180"]
[BlackElo "2477"]

1.e4 d6 2.d4 Nf6 3.Nc3 e5 4.Nf3 Nbd7 5.g4 Nxg4 6.Rg1 Ngf6 7.Bc4 Nb6 8.dxe5 Nxc4
9.exf6 gxf6 10.Nd4 c6 11.Qe2 Ne5 12.Be3 h5 13.O-O-O Bd7 14.Kb1 b5 15.f4 Nc4
16.Bf2 Be7 17.Nf5 Bxf5 18.exf5 Qd7 19.Rge1 Kf8 20.Bh4 Re8 21.Ne4 Rh6 22.b3 Na3+
23.Kb2 d5 24.c3 Qc8 25.Ng3 b4 26.Qd3 bxc3+ 27.Qxc3 Nb5 28.Qf3 a5 29.a4 Nd6
30.Qd3 Qb7 31.Ka2 Qb4 32.Qd2 Rb8 33.Qxb4 Rxb4 34.Rf1 Ke8 35.Rc1 Kd7 36.Rc2 Rh8
37.Rf3 Rb6 38.Re3 Rbb8 39.Rce2 Bd8 40.Re1 Rb4 41.Rf3 c5 42.Rd1 Kc6 43.Rfd3 Rxf4
44.Rxd5 Nb7 45.Rxd8 Rxd8 46.Rxd8 Nxd8 47.Bxf6 Nb7 48.Be5 Rf2+ 49.Kb1 h4  0-1

[Event "Open"]
[Site "Teplice CZE"]
[Date "2008.06.22"]
[Round "9"]
[White "Rutter,L"]
[Black "Ksana,V"]
[Result "1-0"]
[WhiteElo "1893"]
[BlackElo "2094"]

1.e4 d6 2.d4 Nf6 3.Nc3 c6 4.Nf3 Bg4 5.Be2 e6 6.Bg5 Be7 7.O-O d5 8.e5 Nfd7
9.Bxe7 Qxe7 10.h3 Bxf3 11.Bxf3 O-O 12.b3 c5 13.Nb5 Nc6 14.c4 Nxd4 15.Nxd4 cxd4
16.Qxd4 Nb6 17.cxd5 Nxd5 18.Rac1 Rfd8 19.Qb2 Rd7 20.Rfd1 Rad8 21.Rd4 g6 22.Rcd1 Nb6
23.Rxd7 Rxd7 24.Rxd7 Nxd7 25.Bxb7 Qb4 26.Ba6 Qe1+ 27.Bf1 Qxe5 28.Qxe5 Nxe5
29.Bb5 g5 30.Kf1 Kf8 31.Ke2 Ke7 32.Ke3 Kd6 33.Kd4 Ng6 34.b4 f5 35.a4 h5 36.Bf1 Nf4
37.b5 e5+ 38.Kc4 Nd5 39.a5 e4 40.Kd4 f4 41.Kxe4 Kc5 42.Kf5 Kb4 43.b6 axb6
44.a6 Kc5 45.a7 Nc7  1-0

[Event "Serbia Cup"]
[Site "Zlatibor SRB"]
[Date "2008.06.22"]
[Round "7"]
[White "Nevednichy,V"]
[Black "Tadic,Br"]
[Result "1/2-1/2"]
[WhiteElo "2558"]
[BlackElo "2495"]

1.e4 d6 2.d4 Nf6 3.Nc3 e5 4.Nf3 Nbd7 5.Bc4 Be7 6.O-O O-O 7.Re1 c6 8.a4 a5
9.h3 h6 10.b3 Re8 11.Ba3 exd4 12.Qxd4 Ne5 13.Be2 Nxf3+ 14.Bxf3 Nh7 15.Rad1 Ng5
16.Qd3 d5 17.Bxe7 Qxe7 18.exd5 Qxe1+ 19.Rxe1 Rxe1+ 20.Kh2 Nxf3+ 21.Qxf3 Bd7
22.Ne4 cxd5 23.Nd6 Be6 24.Qd3 b6 25.Qd2 Rf1 26.Qd4 Rc1 27.c3 Rc2 28.c4 Kh8
29.Kg3 Rd8 30.Nb5 Rb2 31.Qxb6 Rc8 32.Qxa5 Rxb3+ 33.f3 Kh7 34.Qa7 Rxc4 35.h4 Rb2
36.Nd6 Rc3 37.Nxf7 Rb4 38.Ne5 Re4 39.Qb6 Rce3 40.Qb1 Kg8 41.Qb8+ Kh7 42.Qb1 Kg8  1/2-1/2

[Event "White Nights Open"]
[Site "St Petersburg RUS"]
[Date "2008.06.23"]
[Round "3"]
[White "Melnikov,D"]
[Black "Sinajskij,A"]
[Result "1/2-1/2"]
[WhiteElo "2285"]
[BlackElo "2104"]

1.e4 d6 2.d4 Nf6 3.Nc3 c6 4.f4 Qa5 5.Bd3 Bg4 6.Nf3 e5 7.fxe5 dxe5 8.dxe5 Bxf3
9.gxf3 Qxe5 10.f4 Qe6 11.Qe2 Bb4 12.Bd2 Nbd7 13.Bc4 Qh3 14.O-O-O O-O 15.Rhg1 b5
16.Rg3 Qh5 17.Rg5 Qxe2 18.Bxe2 Rfe8 19.Bf3 Nb6 20.a3 Bf8 21.e5 Nfd5 22.Nxd5 Nxd5
23.Bxd5 cxd5 24.Bc3 a5 25.Rxd5 b4 26.axb4 axb4 27.Bd4 Ra1+ 28.Kd2 g6 29.Rg1 Ra6
30.f5 Rc6 31.h4 Rec8 32.c3 Bc5 33.Bxc5 bxc3+ 34.Kxc3 Rxc5+ 35.Rxc5 Rxc5+
36.Kd4 Rb5 37.f6 Rxb2 38.h5 Rb4+ 39.Kd5 Rb8 40.Ra1 Kf8 41.Kc6 Re8 42.Kd7 gxh5
43.Kd6 Rd8+ 44.Kc5 Ke8 45.Kc6 Rd4 46.Ra8+ Rd8 47.Ra4 Rd1 48.Rh4 Re1 49.Kd6 Rd1+
50.Kc6 Re1 51.Kd5 Kd7 52.Ra4 Rd1+ 53.Ke4 Re1+ 54.Kf5 Rf1+  1/2-1/2

[Event "White Nights Open"]
[Site "St Petersburg RUS"]
[Date "2008.06.23"]
[Round "3"]
[White "Mukha,A"]
[Black "Turikov,V"]
[Result "0-1"]
[WhiteElo "1857"]
[BlackElo "2335"]

1.e4 d6 2.d4 Nf6 3.Nc3 c6 4.Nf3 Bg4 5.h3 Bh5 6.Be2 e6 7.Be3 d5 8.e5 Nfd7
9.g4 Bg6 10.Bd3 Be7 11.Ne2 c5 12.c3 Nc6 13.a3 cxd4 14.cxd4 Qb6 15.b4 a6 16.Nf4 Qc7
17.h4 Nb6 18.h5 Bxd3 19.Qxd3 h6 20.O-O Nc4 21.Bc1 b5 22.Kg2 a5 23.bxa5 Rxa5
24.Nd2 Ra4 25.Ne2 Qb6 26.Nc3 Ra5 27.Nb3 Ra8 28.a4 bxa4 29.Nxa4 Qb4 30.Ba3 Nxa3
31.Rxa3 Qxa3 32.Ra1 Qb4  0-1

[Event "22th Open"]
[Site "Pula CRO"]
[Date "2008.06.24"]
[Round "4"]
[White "Kokol,P"]
[Black "Rukavina,J"]
[Result "0-1"]
[WhiteElo "2253"]
[BlackElo "2398"]

1.e4 d6 2.d4 Nf6 3.Nc3 e5 4.Nf3 Nbd7 5.Bc4 Be7 6.O-O O-O 7.a4 c6 8.a5 Qc7
9.Re1 h6 10.d5 b5 11.axb6 Nxb6 12.Bb3 cxd5 13.exd5 Bd7 14.Be3 Ng4 15.Bxb6 Qxb6
16.Qe2 a5 17.Na4 Qb4 18.h3 Nf6 19.Ra3 Rfb8 20.Rea1 Bd8 21.Nc3 Qf4 22.Nd2 Qg5
23.Kh1 Rb4 24.Nc4 Bc7 25.Nxa5 Rh4 26.Qe3 Qh5 27.Ne2 Ng4 28.Qg3 Bb6 29.Nc4 Rxa3
30.Rxa3 Nxf2+ 31.Kh2 Nxh3 32.Nxb6 Nf4+  0-1

[Event "22th Open"]
[Site "Pula CRO"]
[Date "2008.06.24"]
[Round "4"]
[White "Mrva,V"]
[Black "Kovacevic,Bl"]
[Result "1/2-1/2"]
[WhiteElo "2142"]
[BlackElo "2452"]

1.e4 d6 2.d4 Nf6 3.Nc3 Nbd7 4.Nf3 e5 5.Bc4 Be7 6.dxe5 Nxe5 7.Nxe5 dxe5 8.Qxd8+ Bxd8
9.f3 c6 10.a4 a5 11.Be3 Nd7 12.O-O Bb6 13.Bxb6 Nxb6 14.Bb3 Ke7 15.Rad1 f6
16.Rd2 Rd8 17.Rxd8 Kxd8 18.Rd1+ Ke7 19.Kf2 Nd7 20.Bc4 Nc5 21.Ke3 Bd7 22.g3 Rf8
23.Rd2 f5 24.exf5 Bxf5 25.b3 Rf6 26.Ne4 Bxe4 27.fxe4 Rf8 28.Rd1 Nd7 29.Be2 Nf6
30.c3 Ra8 31.Ra1 Kd6 32.b4 Kc7 33.h3 h6 34.h4 Kb6 35.g4 Rd8 36.g5 hxg5 37.hxg5 Nh7
38.Rf1 axb4 39.cxb4 Rd4 40.a5+ Kc7 41.Rf5 Rxb4 42.Bh5 Rb3+ 43.Kf2 Rh3 44.Bg6 Kd6
45.Kg2 Rh4 46.Kg3 Rh1 47.Kg2 Rh4 48.Kg3 Rh1 49.Kg2 Rh4  1/2-1/2

[Event "XII Izmailov Mem"]
[Site "Tomsk RUS"]
[Date "2008.06.25"]
[Round "1"]
[White "Kokarev,Dm"]
[Black "Avdeenko,T"]
[Result "1/2-1/2"]
[WhiteElo "2579"]
[BlackElo "2204"]

1.e4 d6 2.d4 Nf6 3.Nc3 e5 4.Nf3 Nbd7 5.Bc4 Be7 6.O-O O-O 7.Re1 c6 8.a4 exd4
9.Nxd4 Ne5 10.Bb3 Re8 11.h3 Qa5 12.Bd2 Qc5 13.Nde2 Be6 14.Nf4 Bxb3 15.cxb3 Qb6
16.Be3 Qa5 17.Qd4 Ned7 18.b4 Qc7 19.Rac1 Bf8 20.f3 Qd8 21.Bf2 Qe7 22.b5 g6
23.Rcd1 a5 24.Qc4 Rac8 25.Qf1 Bh6 26.Nfe2 Nh5 27.g4 Nf4 28.Bg3 Qf6 29.Nxf4 Bxf4
30.Kg2 Nc5 31.Bxf4 Qxf4 32.Qf2 Rcd8 33.Qg3 Qxg3+ 34.Kxg3 d5 35.bxc6 bxc6
36.exd5 Rxe1 37.Rxe1 cxd5 38.Re5 Nd3 39.Rxd5 Rxd5 40.Nxd5 Nxb2  1/2-1/2

[Event "TCh-TUR"]
[Site "Kocaeli TUR"]
[Date "2008.06.26"]
[Round "5"]
[White "Karakehajov,K"]
[Black "Karadeniz,E"]
[Result "1-0"]
[WhiteElo "2453"]
[BlackElo "2306"]

1.e4 d6 2.d4 Nf6 3.Nc3 c6 4.Nf3 g6 5.Be2 Bg7 6.a4 O-O 7.O-O Qc7 8.Nd2 e5
9.dxe5 dxe5 10.Nb3 Re8 11.Be3 Nbd7 12.a5 Nf8 13.Qe1 Ne6 14.Rd1 Nf4 15.f3 Bh6
16.Bc4 b5 17.axb6 axb6 18.Rf2 Ba6 19.Bxa6 Rxa6 20.Rfd2 Bg7 21.Qf1 Raa8 22.Qf2 Ra6
23.Nc1 Ne6 24.Nd3 Bf8 25.b3 c5 26.Qf1 Ra5 27.Nb2 Nd4 28.Nc4 Raa8 29.Bg5 Nd7
30.Ne3 Qc6 31.Ncd5 f6 32.Bh4 b5 33.Ng4 Bg7 34.Bf2 h5 35.Nge3 Bh6 36.c3 Nxb3
37.Nxf6+ Qxf6 38.Rxd7 Bxe3 39.Bxe3 c4 40.Qf2 Red8 41.h4 Rxd7 42.Rxd7 b4 43.cxb4 Qc6
44.Re7 c3 45.Qg3 c2 46.Qxe5 c1=Q+ 47.Bxc1 Qxc1+ 48.Kh2 Qh6 49.Qd5+  1-0

[Event "22th Open"]
[Site "Pula CRO"]
[Date "2008.06.27"]
[Round "8"]
[White "Slamar,V"]
[Black "Kovacevic,Bl"]
[Result "0-1"]
[WhiteElo "2223"]
[BlackElo "2452"]

1.e4 d6 2.d4 Nf6 3.Nc3 Nbd7 4.Nf3 e5 5.Bc4 Be7 6.dxe5 dxe5 7.Ng5 O-O 8.Bxf7+ Rxf7
9.Ne6 Qe8 10.Nxc7 Qd8 11.Nxa8 b6 12.Be3 Ba6 13.Nxb6 axb6 14.Qd2 Ng4 15.Nd5 Nxe3
16.Nxe3 Bg5 17.O-O-O Qf6 18.Qd5 Qxf2 19.Qa8+ Nf8 20.Qxa6 Bxe3+ 21.Kb1 Qxg2
22.Qc4 Qg6 23.Rhf1 Qe6 24.Rd5 Bf4 25.h3 h5 26.a4 g5 27.Qe2 g4 28.hxg4 hxg4
29.Rg1 g3 30.c4 Nh7 31.Rd8+ Kg7 32.Rh1 Qg6 33.Ka1 Rf8 34.Rd7+ Rf7 35.Rd8 Nf6
36.Rhh8 g2  0-1

[Event "Helmut Kohl IM"]
[Site "Dortmund GER"]
[Date "2008.06.28"]
[Round "1"]
[White "Fiebig,T"]
[Black "Eismont,O"]
[Result "1/2-1/2"]
[WhiteElo "2400"]
[BlackElo "2362"]

1.e4 d6 2.d4 Nf6 3.Nc3 e5 4.Nf3 Nbd7 5.Bc4 Be7 6.O-O O-O 7.Re1 c6 8.a4 b6
9.d5 cxd5 10.Nxd5 Nxd5 11.Bxd5 Rb8 12.b3 Nf6 13.Ba3 a6 14.Qd3 Nxd5 15.Qxd5 Be6
16.Qd3 b5 17.axb5 axb5 18.Bb4 f5 19.Ra7 fxe4 20.Rxe4 Ra8 21.Rxa8 Qxa8 22.Re1 Bd5
23.Nxe5 dxe5 24.Bxe7 Re8 25.Bd6 Bxg2 26.Bxe5 Bh1 27.Qf1 Re6 28.Re3 Qd5 29.f4 Rg6+
30.Rg3 Rxg3+ 31.hxg3 Be4 32.c4 bxc4 33.Qxc4 Qxc4 34.bxc4 h5 35.Kf2 Bd3 36.c5 Bb5
37.Ke3 g6 38.Kd4 Bc6 39.Bf6 Kf7 40.Ke5 Bf3 41.Bg5 Bg4 42.Kd6 Ke8 43.c6 Bf5
44.Kc7 Be4 45.Kb6 Bd5 46.Kc5 Be4 47.Kd6 Bf5 48.Ke5 Bg4 49.Bh4 Bf5 50.Kd5 Bg4
51.Kc5 Bf5 52.Kb6 Be4 53.Kc7 Bd5 54.Kd6 Be4 55.c7 Bf5 56.Bf6 Bg4 57.Be5 Bf5
58.Kc6 Be4+ 59.Kb6 Kd7  1/2-1/2

[Event "Helmut Kohl IM"]
[Site "Dortmund GER"]
[Date "2008.06.28"]
[Round "1"]
[White "Zelbel,P"]
[Black "Klyuner,V"]
[Result "1/2-1/2"]
[WhiteElo "2246"]
[BlackElo "2411"]

1.e4 d6 2.d4 Nf6 3.Nc3 e5 4.Nf3 Nbd7 5.g4 g6 6.g5 Nh5 7.Be3 Bg7 8.Qd2 O-O
9.O-O-O c6 10.dxe5 dxe5 11.Qd6 Qe8 12.Qa3 Qe6 13.Nd2 Re8 14.Bc4 Qe7 15.Qxe7 Rxe7
16.Nb3 Re8 17.Be2 Nf4 18.Bg4 Nb6 19.Bxc8 Rexc8 20.Nc5 Rc7 21.b3  1/2-1/2

[Event "TCh-TUR"]
[Site "Kocaeli TUR"]
[Date "2008.06.28"]
[Round "8"]
[White "Spasov,V"]
[Black "Gelashvili,T"]
[Result "1/2-1/2"]
[WhiteElo "2579"]
[BlackElo "2622"]

1.e4 d6 2.d4 Nf6 3.Nc3 e5 4.dxe5 dxe5 5.Qxd8+ Kxd8 6.Bc4 Be6 7.Bxe6 fxe6
8.f3 a6 9.Be3 Bd6 10.Nh3 Ke7 11.Nf2 Nc6 12.O-O-O Rhd8 13.Ne2  1/2-1/2

[Event "TCh-TUR"]
[Site "Kocaeli TUR"]
[Date "2008.06.28"]
[Round "8"]
[White "Atakisi,U"]
[Black "Gagunashvili,M"]
[Result "0-1"]
[WhiteElo "2365"]
[BlackElo "2553"]

1.e4 d6 2.d4 Nf6 3.Nc3 e5 4.Nf3 Nbd7 5.Bc4 Be7 6.O-O O-O 7.Re1 c6 8.a4 Qc7
9.h3 h6 10.Ba2 Re8 11.dxe5 dxe5 12.Nh4 Nf8 13.Nf5 Be6 14.Bxe6 Nxe6 15.Qf3 Kh7
16.Ne2 Ng8 17.h4 Bc5 18.c3 a5 19.Neg3 Rad8 20.h5 Rd7 21.Be3 Red8 22.Rad1 Bxe3
23.Nxe3 Nf4 24.Rxd7 Rxd7 25.Ne2 Rd3 26.Nxf4 exf4 27.Qe2 Rd8 28.Nc4 b5 29.axb5 cxb5
30.Na3 b4 31.cxb4 axb4 32.Nc4 f3 33.gxf3 Qf4 34.Qe3 Qh4 35.Qc5 Nf6 36.Qf5+ Kg8
37.Ne5 Qxh5 38.Qxh5 Nxh5 39.Nc6 Rd2 40.Nxb4 Nf4 41.b3 Nh3+ 42.Kg2 Nxf2 43.Kg3 Rb2
44.Re3 Nh1+ 45.Kh3 g5 46.f4 gxf4 47.Rf3 Nf2+ 48.Kh4 Nxe4 49.Rxf4 Ng5 50.Nd5 Rxb3
51.Nf6+ Kg7 52.Nh5+ Kh7 53.Kg4 Rb5 54.Kh4 Rb6 55.Ra4 Kg6 56.Nf4+ Kf5 57.Nd5 Rb3
58.Ne7+ Ke6 59.Ra7 Rh3+ 60.Kg4 f6 61.Kf4 h5 62.Ra6+ Kxe7 63.Ra7+ Kf8 64.Kf5 Rf3+  0-1

[Event "XII Izmailov Mem"]
[Site "Tomsk RUS"]
[Date "2008.06.28"]
[Round "4"]
[White "Timofeev,Arty"]
[Black "Zablotsky,S"]
[Result "1/2-1/2"]
[WhiteElo "2664"]
[BlackElo "2508"]

1.e4 d6 2.d4 Nf6 3.Nc3 e5 4.Nf3 Nbd7 5.Bc4 Be7 6.O-O O-O 7.a4 c6 8.Ba2 a5
9.h3 exd4 10.Nxd4 Re8 11.Nf5 Nc5 12.Nxe7+ Qxe7 13.f3 Be6 14.Bxe6 Qxe6 15.Qd4 Rad8
16.Bg5 Qe5 17.Bxf6 gxf6 18.Qe3 Kh8 19.Rad1 f5 20.Qd4 Qxd4+ 21.Rxd4 fxe4 22.Nxe4 Nxe4
23.fxe4 Kg7 24.Rf4 Re5 25.Kf2 f6 26.Rd3 d5 27.Rd4 Kf7 28.c4 Ke6 29.exd5+ cxd5
30.Rf3 Rc8 31.cxd5+ Rxd5 32.Rxf6+ Kxf6 33.Rxd5 Rc2+ 34.Kg3 Rxb2 35.Rxa5 Ra2
36.h4 b6 37.Ra6 Kf5 38.Kh3 Ra3+ 39.g3 Rb3 40.Ra8 Kg6  1/2-1/2

[Event "XII Izmailov Mem"]
[Site "Tomsk RUS"]
[Date "2008.06.28"]
[Round "4"]
[White "Ruzhkovich,A"]
[Black "Korobkin,M"]
[Result "1-0"]
[WhiteElo "2194"]
[BlackElo "2357"]

1.e4 d6 2.d4 Nf6 3.Nc3 e5 4.dxe5 dxe5 5.Qxd8+ Kxd8 6.Bg5 Be6 7.O-O-O+ Nd7
8.f4 exf4 9.Nf3 Bc5 10.e5 h6 11.Bh4 g5 12.Nxg5 hxg5 13.Bxg5 Ke8 14.exf6 Be3+
15.Kb1 Ne5 16.Nd5 Bxd5 17.Rxd5 Ng4 18.Be2 c6 19.Rf5 Nxh2 20.Bxf4 Bxf4 21.Rxf4 Kd8
22.Re4 Kc7 23.Re7+ Kb6 24.b3 Raf8 25.Rd1 Rh6 26.Rdd7 Rxf6 27.Rxb7+ Kc5 28.Red7 a5
29.a3 Rd6 30.b4+ axb4 31.axb4+ Kd5 32.Rxf7 Rxf7 33.Rxf7 Rg6 34.Rf5+ Kd4 35.Rc5 Rxg2
36.Bd3 Nf3 37.Rxc6 Ne5 38.Rd6+ Kc3 39.b5 Rg1+ 40.Ka2 Nxd3 41.Rxd3+ Kxc2 42.Rb3 Rg8
43.Ka3 Ra8+ 44.Kb4 Rb8 45.Rh3  1-0

[Event "XII Izmailov Mem"]
[Site "Tomsk RUS"]
[Date "2008.06.28"]
[Round "4"]
[White "Nevostrujev,V"]
[Black "Yudin,S"]
[Result "0-1"]
[WhiteElo "2466"]
[BlackElo "2531"]

1.e4 d6 2.d4 Nf6 3.Nc3 e5 4.dxe5 dxe5 5.Qxd8+ Kxd8 6.Bg5 Be6 7.f4 exf4 8.e5 h6
9.Bxf4 Ng4 10.h3 g5 11.hxg4 gxf4 12.O-O-O+ Nd7 13.Nh3 Bc5 14.Kb1 Be3 15.Be2 Ke7
16.Bf3 c6 17.Ne2 Rag8 18.Nexf4 Bxg4 19.Rde1 Bxf4 20.Nxf4 Rg5 21.Nd3 h5 22.Kc1 h4
23.Kd2 Bf5 24.Nf4 Nf8 25.c4 Ne6 26.Ke3 Bg6 27.Nxg6+ fxg6 28.Kf2 Rf5 29.Re4 g5
30.Kg1 Nc5 31.Re3 Nd7 32.e6 Re5 33.Ra3 Nf6 34.Rxa7 g4 35.Rxb7+ Kxe6 36.Kh2 gxf3
37.gxf3 Re2+ 38.Kh3 Rf2 39.Rb3 Nh5 40.Ra3 Rg8 41.Ra5 Nf4+ 42.Kxh4 Rfg2  0-1

[Event "White Nights Open"]
[Site "St Petersburg RUS"]
[Date "2008.06.29"]
[Round "9"]
[White "Markevich,I"]
[Black "Feofanov,D"]
[Result "1-0"]
[WhiteElo "2080"]
[BlackElo "2380"]

1.e4 d6 2.d4 Nf6 3.Nc3 c6 4.Nf3 Bg4 5.Be2 Nbd7 6.O-O e5 7.Be3 Be7 8.h3 Bh5
9.Nh4 Bg6 10.Nxg6 hxg6 11.f4 Nh5 12.Bxh5 Rxh5 13.fxe5 dxe5 14.Qf3 Bf6 15.d5 Rh8
16.Rad1 Qe7 17.Qe2 Nb6 18.a4 O-O-O 19.a5 Na8 20.Bxa7 Qb4 21.a6 b6 22.dxc6 Qc5+
23.Kh1 Qxc6 24.Nd5 Rd7 25.Rd3 Kd8 26.Rfd1  1-0

[Event "XII Izmailov Mem"]
[Site "Tomsk RUS"]
[Date "2008.06.29"]
[Round "5"]
[White "Yudin,S"]
[Black "Bocharov,D"]
[Result "0-1"]
[WhiteElo "2531"]
[BlackElo "2569"]

1.e4 d6 2.d4 Nf6 3.Nc3 c6 4.f4 Qa5 5.Bd3 e5 6.Nf3 exd4 7.Nxd4 g6 8.h3 Bg7
9.Be3 O-O 10.Qd2 b5 11.a3 Qc7 12.g4 Nbd7 13.f5 Re8 14.g5 Nh5 15.f6 Bh8 16.O-O-O Ne5
17.Bf2 a5 18.Be2 b4 19.axb4 axb4 20.Nb1 d5 21.exd5 cxd5 22.Nb5 Qb8 23.Rhe1 Bxh3
24.Bxh5 gxh5 25.Qxd5 Ra5  0-1

[Event "Sparkassen Open"]
[Site "Dortmund GER"]
[Date "2008.06.30"]
[Round "1"]
[White "Deinert,W"]
[Black "Hokamp,S"]
[Result "0-1"]
[WhiteElo "1872"]
[BlackElo "2110"]

1.e4 d6 2.d4 Nf6 3.Nc3 c6 4.Nf3 Qc7 5.Be2 e5 6.O-O Be7 7.a4 O-O 8.b4 Bg4
9.Bb2 Nbd7 10.h3 Bxf3 11.Bxf3 Qb6 12.b5 cxb5 13.Nxb5 a6 14.dxe5 dxe5 15.Ba3 Bxa3
16.Nxa3 Qc5 17.Qd3 Nb6 18.Rfd1 Nxa4 19.Qc4 Qxc4 20.Nxc4 Nc3 21.Rd3 Ncxe4
22.Nxe5 Rac8 23.c4 Rc7 24.Rd4 Nc5 25.Rad1 Re7 26.Ng4 Nxg4 27.Rxg4 g6 28.Rgd4 Rfe8
29.Rd5 Re1+ 30.Rxe1 Rxe1+ 31.Kh2 b6 32.Rd8+ Kg7 33.Bd5 a5 34.Ra8 Re7 35.Bc6 Rc7
36.Bb5 Kf6 37.Rb8 Rb7 38.Ra8 Ke5 39.Kg3 Kd4 40.Kf3 Re7 41.g4 Ne6 42.h4 Kc5
43.g5 Nd4+  0-1

[Event "Atlantis Promotiegroep"]
[Site "Groningen NED"]
[Date "2008.06.30"]
[Round "4"]
[White "Schoorl,R"]
[Black "Hartoch,R"]
[Result "1-0"]
[WhiteElo "2257"]
[BlackElo "2228"]

1.e4 d6 2.d4 Nf6 3.Nc3 e5 4.Nf3 Nbd7 5.Bc4 Be7 6.O-O O-O 7.Re1 c6 8.a4 a5
9.b3 exd4 10.Nxd4 Ne5 11.Bf1 Re8 12.h3 Bf8 13.Bb2 Qc7 14.f4 Ng6 15.Qd2 Bd7
16.g3 Rad8 17.Bg2 Bc8 18.Qf2 Nd7 19.Rad1 Nc5 20.f5 Ne5 21.g4 Qb6 22.Bc1 Rd7
23.Nce2 Qd8 24.Qg3 g5 25.Qf2 f6 26.Ng3 h6 27.Nh5 Bg7 28.Ba3 Qe7 29.Nxg7 Kxg7
30.Bxc5 dxc5 31.Ne6+ Kf7 32.Nxc5 Rxd1 33.Rxd1 Rd8 34.Nd3 Kg7 35.Rd2 Qa3 36.Ne1 Re8
37.Kh2 Qa1 38.Nd3 Qc3 39.Nxe5 Qxe5+ 40.Qg3 Kf7 41.Qxe5 Rxe5 42.Kg3 Ke7 43.Kf3 b5
44.axb5 cxb5 45.Bf1 Bb7 46.Bd3 b4 47.h4 gxh4 48.Rh2 Kf8 49.Rxh4 Kg7 50.Ke3 Bc6
51.Rh1 Be8 52.Kd4 Bc6 53.Rh2 Bb7 54.c3 bxc3 55.Rc2 Bc6 56.Rxc3 Bb5 57.Rc7+ Kg8
58.Bc4+ Bxc4 59.bxc4 Kf8 60.Ra7 Ke8 61.c5 Kd8 62.Rxa5 Kc7 63.Ra7+ Kc6 64.Ra6+  1-0

[Event "Sparkassen Open"]
[Site "Dortmund GER"]
[Date "2008.07.01"]
[Round "3"]
[White "Mazarov,J"]
[Black "Hokamp,S"]
[Result "1-0"]
[WhiteElo "2161"]
[BlackElo "2110"]

1.e4 d6 2.d4 Nf6 3.Nc3 c6 4.f3 Nbd7 5.Be3 e5 6.Qd2 Be7 7.O-O-O O-O 8.g4 b5
9.Kb1 b4 10.Nce2 Nb6 11.Nc1 Be6 12.h4 Rb8 13.h5 Na4 14.Ka1 exd4 15.Bf4 Qb6
16.e5 dxe5 17.Bxe5 Nc3 18.Bxb8 Rxb8 19.Nb3 Nxd1 20.Qxd1 c5 21.Nd2 Qc6 22.Bc4 Nxg4
23.Nh3 Ne3 24.Qe2 Nxc2+ 25.Kb1 Ne3 26.Nf4 Bf5+ 27.Bd3 Qd7 28.Be4 Bd6 29.Ng2 Nd5
30.Nh4 Re8 31.Nxf5 Bf8 32.Qc4 Ne3 33.Qd3 Rd8 34.Nxe3 dxe3 35.Qxd7 Rxd7 36.Nc4 e2
37.Kc2 g6 38.hxg6 hxg6 39.Re1 Rd4 40.Bd3 f5 41.Rxe2 Rf4 42.Ne5 g5 43.Rg2 Bh6
44.b3 Kg7 45.Rh2 Rh4 46.Re2 Rf4 47.Re1 Kh7 48.Rh1 Kg7 49.Rh2 Rh4 50.Rxh4 gxh4
51.Bf1 Be3 52.Kd3 Bd4 53.Nc6 Bg1 54.Ke2 Kf6 55.f4 Ke6 56.Bg2 Bh2 57.Kf3 Bg1
58.Nxa7 Kd5 59.Ke2+ Ke6 60.Nc6 Bh2 61.Kf3 Bg1 62.Bh3 Kd6 63.Ne5 Kd5 64.Bxf5 Kd4
65.Ng6 c4 66.Nxh4 Kc3 67.Be6 cxb3 68.axb3 Bd4 69.Ke4 Bf6 70.Ng6 Kb2  1-0

[Event "XII Izmailov Mem"]
[Site "Tomsk RUS"]
[Date "2008.07.01"]
[Round "7"]
[White "Amonatov,F"]
[Black "Voinov,A"]
[Result "1-0"]
[WhiteElo "2649"]
[BlackElo "2439"]

1.e4 d6 2.d4 Nf6 3.Nc3 e5 4.Nf3 Nbd7 5.Bc4 Be7 6.O-O O-O 7.a4 c6 8.Ba2 a5
9.Qe2 exd4 10.Nxd4 Re8 11.Be3 Bf8 12.f3 Ne5 13.Rad1 Bd7 14.Qf2 Ng6 15.Rfe1 Re5
16.Nde2 Re8 17.Bb6 Qc8 18.Bd4 Nh5 19.f4 Be6 20.f5 Bxa2 21.fxg6 Bc4 22.gxh7+ Kxh7
23.Qf3 g6 24.Nf4 Ng7 25.e5 Nf5 26.Ne4 Bg7 27.Qh3+ Kg8 28.Ng5 Nh6 29.e6 f6
30.Bxf6  1-0

[Event "XII Izmailov Mem"]
[Site "Tomsk RUS"]
[Date "2008.07.02"]
[Round "8"]
[White "Voitsekhovsky,S"]
[Black "Korobkin,M"]
[Result "1-0"]
[WhiteElo "2511"]
[BlackElo "2357"]

1.e4 d6 2.d4 Nf6 3.Nc3 e5 4.Nf3 Nbd7 5.Bc4 Be7 6.O-O O-O 7.Qe2 c6 8.a4 exd4
9.Nxd4 Ne5 10.Bb3 Re8 11.f3 Qc7 12.Qf2 Bd7 13.Be3 b6 14.Nce2 Bf8 15.Bg5 Be7
16.Ng3 h6 17.Be3 Bf8 18.Ngf5 Be6 19.Nxe6 fxe6 20.Qg3 Kh7 21.Nd4 Qd7 22.Qh3 d5
23.c3 Kh8 24.Rad1 Rac8 25.f4 Neg4 26.e5 Nxe3 27.Qxe3 Ng8 28.Bc2 c5 29.Qd3 g6
30.Nf3 Ne7 31.Nh4 c4 32.Qg3 Red8 33.Kh1 Qe8 34.Rf3 Kh7 35.Nxg6 Nxg6 36.h4 Rc7
37.h5 Kh8 38.hxg6 Rcd7 39.Qf2 Bc5 40.Qh4 Bf8 41.Rdf1 Qe7 42.Qh5 Qg7 43.g4  1-0

[Event "XII Izmailov Mem"]
[Site "Tomsk RUS"]
[Date "2008.07.02"]
[Round "8"]
[White "Loskutov,O"]
[Black "Yudin,S"]
[Result "1-0"]
[WhiteElo "2434"]
[BlackElo "2531"]

1.e4 d6 2.d4 Nf6 3.Nc3 e5 4.Nf3 Nbd7 5.Bc4 Be7 6.O-O O-O 7.Re1 a6 8.a4 b6
9.h3 c6 10.Ba2 Rb8 11.Nh4 exd4 12.Qxd4 Nc5 13.Nf3 Be6 14.Qd1 Bxa2 15.Rxa2 a5
16.Bf4 Re8 17.Ra1 Bf8 18.e5 dxe5 19.Nxe5 Ne6 20.Qxd8 Rexd8 21.Be3 Rdc8 22.Red1 Bb4
23.Nd7 Nxd7 24.Rxd7 Bxc3 25.bxc3 Kf8 26.Rb1 Ke8 27.Ra7 b5 28.Rxa5 bxa4 29.Rb4 Ra8
30.Raxa4 Rxa4 31.Rxa4 Rb8 32.Ra6 c5 33.Ra2 Rb1+ 34.Kh2 Ke7 35.Kg3 Kd6 36.Kf3 Kd5
37.Ke2 f5 38.Ra4 Rb2 39.Kd3 Rb7 40.f4 g6 41.g4 Rf7 42.c4+ Kc6 43.Ra6+ Kd7
44.gxf5 gxf5 45.Ke2 Rg7 46.Kf3 Ke7 47.Ra5 Kd6 48.Ra6+ Ke7 49.Bf2 Kf7 50.Rd6 Rg8
51.Rd5 Kg6 52.Re5 Re8 53.h4 Kf6 54.Rd5 h5 55.Bxc5 Rc8 56.Bd4+ Kg6 57.Rd6 Kf7
58.Be5 Rxc4 59.c3 Ke7 60.Ra6 Kf7 61.Ra7+ Kg6 62.Re7 Rc6 63.Ke3 Ra6 64.Kd3 Rc6
65.c4 Ra6 66.Kc3 Rb6 67.Bd4 Ra6 68.Be5 Rb6 69.Rd7 Nc5 70.Rg7+ Kh6 71.Ra7 Rb1
72.Kd4 Ne4 73.Kd5 Rd1+ 74.Ke6 Rc1 75.Rc7 Kg6 76.Rc8 Rc2 77.Rg8+  1-0

[Event "XII Izmailov Mem"]
[Site "Tomsk RUS"]
[Date "2008.07.02"]
[Round "8"]
[White "Keosidi,K"]
[Black "Kharashuta,E"]
[Result "1/2-1/2"]
[WhiteElo "2381"]
[BlackElo "2194"]

1.e4 d6 2.d4 Nf6 3.Nc3 e5 4.Nf3 Nbd7 5.Bc4 Be7 6.O-O O-O 7.a4 c6 8.Ba2 b6
9.Qe2 a6 10.Rd1 Qc7 11.d5 c5 12.Bc4 Ne8 13.Be3 Qd8 14.Qd2 Kh8 15.Ne2 Ndf6
16.Ng3 Ng4 17.Rf1 g6 18.Bh6 Rg8 19.Qc1 Nxh6 20.Qxh6 f5 21.Qd2 f4 22.Ne2 g5
23.Qc3 Bf6 24.Nd2 g4 25.f3 Ra7 26.Kf2 Rag7 27.Rg1 Qd7 28.Qd3 Nc7 29.Bb3 Qf7
30.Raf1 Qh5 31.Ke1 gxf3 32.Qxf3 Bg4 33.Qf2 Bxe2 34.Qxe2 Qxh2 35.Nf3 Qg3+
36.Kd1 b5 37.c4 Rb8 38.Kc2 Be7 39.Ra1 b4 40.Rad1 Ne8 41.Kb1 Nf6 42.Rd3 Qg4
43.Bd1 Rbg8  1/2-1/2

[Event "Sparkassen Open"]
[Site "Dortmund GER"]
[Date "2008.07.05"]
[Round "8"]
[White "Markgraf,J"]
[Black "Zeldin,L"]
[Result "1-0"]
[WhiteElo "2048"]
[BlackElo "2068"]

1.e4 d6 2.d4 Nf6 3.Nc3 e5 4.Nf3 exd4 5.Nxd4 Be7 6.Be2 O-O 7.O-O a6 8.Be3 c5
9.Nb3 Nc6 10.f4 b6 11.Bf3 Bb7 12.e5 dxe5 13.fxe5 Nd7 14.Nd5 c4 15.Nd4 Ndxe5
16.Nxc6 Bxc6 17.Be4 Bg5 18.Bxg5 Qxg5 19.Rf5 Qh4 20.Rxe5 Bxd5 21.Bxd5 Rad8
22.Rh5 Qf6 23.Qf3 Qd4+ 24.Kh1 g6 25.Rd1 Qxb2 26.Rh4 Qxc2 27.Rhd4 Rde8 28.Rf1 Re7
29.Rf4 Qe2 30.Bxf7+ Kg7 31.Bxc4 Rd8 32.Rf7+ Rxf7 33.Qxf7+ Kh6 34.Bb3 a5 35.Qf4+ g5
36.Qf7  1-0

[Event "Helmut Kohl IM"]
[Site "Dortmund GER"]
[Date "2008.07.06"]
[Round "9"]
[White "Van der Weide,K"]
[Black "Eismont,O"]
[Result "1/2-1/2"]
[WhiteElo "2482"]
[BlackElo "2362"]

1.e4 d6 2.d4 Nf6 3.Nc3 c6 4.f4 Qa5 5.Bd3 e5 6.Nf3 Bg4 7.Be3 exd4 8.Bxd4 Qb4
9.a3 Qxd4 10.Nxd4 Bxd1 11.Rxd1 Nbd7 12.O-O O-O-O 13.Bc4 d5 14.exd5  1/2-1/2

[Event "36th TCh-GRE"]
[Site "Kallithea Halkidiki GRE"]
[Date "2008.07.06"]
[Round "1"]
[White "Vragoteris,A"]
[Black "Dalaklis,G"]
[Result "0-1"]
[WhiteElo "2290"]
[BlackElo "2186"]

1.d4 d6 2.e4 Nf6 3.Nc3 Nbd7 4.Bc4 e5 5.Nf3 Be7 6.O-O O-O 7.a4 c6 8.Re1 b6
9.Bg5 a6 10.Qe2 Bb7 11.Rad1 Qc7 12.dxe5 Nxe5 13.Bb3 b5 14.Nxe5 dxe5 15.Rd3 Rad8
16.Rg3 Kh8 17.Qf3 b4 18.Nd1 c5 19.Bxf6 Bxf6 20.Ne3 Bc8 21.Bd5 Bh4 22.Rg4 Bxg4
23.Nxg4 Qe7 24.g3 Bf6 25.h4 Rd6 26.Ne3 g6 27.Nc4 Rdd8 28.h5 Bg5 29.Kg2 Kg7
30.Rh1 f5 31.hxg6 hxg6 32.Nb6 Qf6 33.a5 fxe4 34.Qe2 Rd6 35.Rf1 Qf3+ 36.Qxf3 exf3+
37.Bxf3 Rd2 38.Re1 Rxc2 39.b3 Bf6 40.Nc4 Rc3 41.Rd1 Rd8 42.Rxd8 Bxd8 43.Bb7 Rxb3
44.Bxa6 Bxa5  0-1

[Event "36th TCh-GRE"]
[Site "Kallithea Halkidiki GRE"]
[Date "2008.07.06"]
[Round "1"]
[White "Gavrilakis,N"]
[Black "Koukoufikis,A"]
[Result "1-0"]
[WhiteElo "2429"]
[BlackElo "2252"]

1.e4 d6 2.d4 Nf6 3.Nc3 e5 4.Nf3 Nbd7 5.Bc4 Be7 6.O-O O-O 7.Re1 c6 8.a4 b6
9.d5 cxd5 10.Nxd5 Nxd5 11.Bxd5 Rb8 12.c3 Nf6 13.Bb3 h6 14.Nh4 Re8 15.Ng6 Be6
16.Nxe7+ Rxe7 17.Bc2 d5 18.exd5 Bxd5 19.Qd3 Qd7 20.Qg3 Qg4 21.Qxg4 Nxg4 22.Rd1 Nf6
23.Be3 Rd7 24.h3 g5 25.Bf5 Rdd8 26.a5 Ne8 27.axb6 axb6 28.Ra6 Rd6 29.Bc2 Nc7
30.Ra4 Rc6 31.h4 f6 32.Ra7 Be6 33.hxg5 hxg5 34.Be4 Rc4 35.f3 g4 36.Rd6 g3
37.Bd3 Nb5 38.Rxe6  1-0

[Event "XVII Burgas Open"]
[Site "Ourense ESP"]
[Date "2008.07.06"]
[Round "4"]
[White "Dimitrov,Vl"]
[Black "Paunovic,D"]
[Result "1/2-1/2"]
[WhiteElo "2450"]
[BlackElo "2539"]

1.e4 d6 2.d4 Nf6 3.Nc3 e5 4.Nf3 Nbd7 5.Bc4 Be7 6.O-O O-O 7.a4 c6 8.Re1 b6
9.h3 a6 10.d5 c5 11.Qd3 Ne8 12.Ne2 Nc7 13.Ng3 Rb8 14.Ba2 b5 15.Bd2 bxa4  1/2-1/2